000 00445nam a22001697a 4500
005 20180710105458.0
008 160525b xxu||||| |||| 00| 0 eng d
020 _a978-81-8054-648-8
041 _aeng
082 _b4910
_a658.15
100 _aSaxena, V.K. & C.D.Vashist
_94497
245 _aEssentials of Financial Management
260 _aNew Delhi
_bAcademic Faundation
_c2009
300 _ac-8p,
650 _aManagement
_9241
942 _cBK
999 _c1715
_d1714